Facing your giants (Record no. 146458)

MARC details
000 -LEADER
fixed length control field 00537nam a2200205Ia 4500
003 - CONTROL NUMBER IDENTIFIER
control field OSt
005 - DATE AND TIME OF LATEST TRANSACTION
control field 20250918150120.0
008 - FIXED-LENGTH DATA ELEMENTS--GENERAL INFORMATION
fixed length control field 210210b2006 xxu||||| |||| 00| 0 eng d
020 ## - INTERNATIONAL STANDARD BOOK NUMBER
International Standard Book Number 9780849946565
040 ## - CATALOGING SOURCE
Transcribing agency AL
041 ## - LANGUAGE CODE
Language code of text/sound track or separate title eng
082 ## - DEWEY DECIMAL CLASSIFICATION NUMBER
Classification number 222.4 LUCF
100 ## - MAIN ENTRY--PERSONAL NAME
Personal name Max Lucado
9 (RLIN) 239429
245 ## - TITLE STATEMENT
Title Facing your giants
Remainder of title : a David and Goliath story for everyday people
260 ## - PUBLICATION, DISTRIBUTION, ETC.
Place of publication, distribution, etc. Nashville
Name of publisher, distributor, etc. Thomas Nelson Publishers
Date of publication, distribution, etc. 2006
300 ## - PHYSICAL DESCRIPTION
Extent xiii,233p
690 ## - LOCAL SUBJECT ADDED ENTRY--TOPICAL TERM (OCLC, RLIN)
Topical term or geographic name as entry element Christianity
9 (RLIN) 239441
906 ## - LOCAL DATA ELEMENT F, LDF (RLIN)
a 065634
942 ## - ADDED ENTRY ELEMENTS (KOHA)
Source of classification or shelving scheme Dewey Decimal Classification
Koha item type Book
Holdings
Withdrawn status Lost status Source of classification or shelving scheme Damaged status Not for loan Collection code Home library Current library Date acquired Source of acquisition Cost, normal purchase price Total Checkouts Full call number Barcode Date last seen Price effective from Koha item type
    Dewey Decimal Classification     Others St Aloysius Library St Aloysius Library 02/17/2021 ATC Milestones and Memories, Bangalore-560084 540.00   222.4 LUCF 065634 02/17/2021 02/17/2021 Book